Visualizzazione normale
Vista MARC
- Bistolfi Gian
di Personal Name
Records bibliografici associati: 1
001 - CONTROL NUMBER
- control field: 3147
003 - CONTROL NUMBER IDENTIFIER
- control field: IT-RoPau
005 - DATE AND TIME OF LATEST TRANSACTION
- control field: 20131123112058.0
008 - FIXED-LENGTH DATA ELEMENTS
- fixed length control field: 131123|| aca||aabn | a|a d
040 ## - CATALOGING SOURCE
- Original cataloging agency: IT-RoPau
- Transcribing agency: IT-RoPau
100 ## - HEADING--PERSONAL NAME
- Personal name: Bistolfi Gian
- Dates associated with a name: Codice autore musica SPICS: 13533
- Relator term: Autore musica
- Name of part/section of a work: Una romantica avventura
670 ## - SOURCE DATA FOUND
- Source citation: Work cat.: (IT-RoPau)100068: AA.VV. 794, Regine di cuori del cinema (Le)